000 00853npm a2200229 i 4500
001 5154
003 ES-MaACL
005 20230908141513.0
007 hzrazu bucu
008 900419r19901921fr a 00010 fre d
080 _a05(443.6 Paris) Renaissance
080 _a05(44)
245 0 3 _aLa Renaissance politique, litteraire, artistique
_b: [Microforma].
260 _aMadrid :
_bAteneo Cientifico, Literario y Artistico,
_c1990.
300 _a3 carretes de microfilme :
_bnegativo ;
_c16 mm.
500 _aPublicado originalmente: Paris, Presse Francaise, 1921-1925, periodicidad semanal.
505 8 _aCarrete n. 1: 1921 a 1922 (24 jun.) -- Carrete n. 2: 1922 y 1923 -- Carrete n. 3: 1924 y 1925
852 _aES-MaACL
_jMC-23-25
_95271
_cDEPO1
942 _2udc
_cMICROFORMA
999 _c5154
_d5154